Les Jeux Call of Duty - Statistiques

Statistiques générales
  • Ce quiz a été pris 4 763 fois
  • Le résultat moyen est 13 sur 17
Statistiques - réponses
Année de Sortie Jeux % Correct
2010 Call of Duty : Black Ops
98%
2007 Call of Duty 4 : Modern Warfare
96%
2019 Call of Duty : Modern Warfare
96%
2015 Call of Duty : Black Ops III
94%
2012 Cal of Duty : Black Ops II
94%
2009 Call of Duty : Modern Warfare 2
89%
2018 Call of Duty : Black Ops IIII
88%
2003 Call Of Duty
86%
2011 Call of Duty : Modern Warfare 3
85%
2006 Call Of Duty 3 : En Marche vers Paris
72%
2005 Call of Duty 2
71%
2020 Call of Duty : Black Ops Cold War
68%
2014 Call of Duty : Advanced Warfare
67%
2017 Call of Duty : WWII
65%
2016 Call of Duty : Infinite Warfare
62%
2008 Call of Duty : World at War
60%
2013 Call of Duty : Ghosts
49%
Aucun quiz correspondant
Distribution des résultats
% des personnes avec chaque résultat
Percentile par nombre de réponses
Votre historique - résultats
Vous n’avez pas pris ce quiz